| 000 | 01033nam a22002417a 4500 | ||
|---|---|---|---|
| 999 |
_c1002 _d1002 |
||
| 003 | AR-CdUCM | ||
| 008 | 190226b ||||| |||| 00| 0 spa d | ||
| 040 |
_aMUNICIPALIDAD PROVINCIAL DEL CUSCO _cBIBLIOTECA MUNICIPAL DEL CUSCO |
||
| 041 | _heng | ||
| 082 |
_a323.2 / _bB61 |
||
| 100 |
_aBlack, Cyril E. _93898 |
||
| 245 |
_aEstrategias de la violencia política : _bcomunismo y revolución / _cBlack, Cyril E. ; Thornton, Thomas P. (coautor) ; Sierra, Emilio M. (traductor) |
||
| 260 |
_aBuenos Aires - Argentina : _bEd. Troquel, _c1968 |
||
| 300 |
_a544 páginas ; _c22 cm. |
||
| 505 | _aRevolución, modernización y comunismo -- la teoría comunista del estado y de la revolución -- el surgimiento de la doctrina revolucionaria comunista -- Europa Oriental -- Finlandia | ||
| 650 |
_aRevolución. _9844 |
||
| 650 |
_aHistoria. _9136 |
||
| 650 |
_aEuropa Oriental. _93899 |
||
| 700 |
_aThornton, Thomas P. (coautor) _93900 |
||
| 700 |
_aSierra, Emilio M. (traductor) _93901 |
||
| 942 |
_2ddc _cLIBROS |
||
| 945 |
_aachl _d2019-02-26 |
||